| 000 | 00579nam a2200205 a 4500 | ||
|---|---|---|---|
| 005 | 20220622063440.0 | ||
| 008 | 090611s2006 mx r 000 0 spa d | ||
| 020 | _a9500306840 | ||
| 035 | _aUPN01000171145 | ||
| 049 | _aCG | ||
| 050 | 4 |
_aPQ7797 C2.3 _bE5 |
|
| 100 | 1 |
_aCambaceres, Eugenio, _d1843-1890 |
|
| 245 | 1 | 0 |
_aEn la sangre / _cEugenio Cambaceres ; prĂ³l. de Adriana Amante. |
| 260 |
_aBuenos Aires : _bLosada, _c2006. |
||
| 300 | _a181 p. | ||
| 440 | 0 |
_aNovela ; _v703 |
|
| 650 | 4 |
_aLITERATURA ARGENTINA _95070 |
|
| 650 | 0 |
_aNovela argentina _95078 |
|
| 905 | _aLibro | ||
| 999 |
_c143250 _d143250 |
||